| Tag |
First Indicator |
Second Indicator |
Subfields |
| LEADER |
00000cmm a2200000 a 4500 |
| 001 |
in00000002656 |
| 005 |
20151007050746.0 |
| 007 |
co ugu |
| 008 |
990111s1998 mdu m f d |
| 035 |
|
|
|a (OCoLC)40599533
|
| 035 |
|
|
|9 AJD6550AM
|
| 040 |
|
|
|a GPO
|c GPO
|d DLC
|d MvI
|d UtOrBLW
|
| 049 |
|
|
|a UDOC
|
| 074 |
|
|
|a 0830-Z-01
|
| 086 |
0 |
|
|a NAS 1.86:D 48/CD
|
| 088 |
|
|
|a NP-1997(05)-017-GSFC
|
| 245 |
0 |
0 |
|a Detector Development Laboratory interactive tour /
|c produced by NASA's Goddard Space Flight Center, Technology Transfer/Commercialization Office.
|
| 246 |
1 |
|
|i Title on disc:
|a DDL lab tour
|
| 246 |
3 |
|
|a DDL interactive tour
|
| 256 |
|
|
|a Computer program and data.
|
| 264 |
|
1 |
|a Greenbelt, MD :
|b The Center,
|c [1998]
|
| 300 |
|
|
|a 1 CD-ROM :
|b sound, color ;
|c 4 3/4 in.
|
| 336 |
|
|
|a computer program
|b cop
|2 rdacontent
|
| 337 |
|
|
|a computer
|b c
|2 rdamedia
|
| 338 |
|
|
|a computer disc
|b cd
|2 rdacarrier
|
| 538 |
|
|
|a System requirements: Windows 95, Windows NT, of Power Mac; 800 x 600 screen size; 256 colors; 8 MB; Sound Card required for narrative; QuickTime Viewer required to view videos.
|
| 500 |
|
|
|a Title from container.
|
| 500 |
|
|
|a Shipping list number: 99-0014-E.
|
| 500 |
|
|
|a "NP-1997(05)-017-GSFC."
|
| 520 |
|
|
|a Interactive tour through this highly advanced semiconductor fabrication facility which is available for commercial contract research and development.
|
| 500 |
|
|
|a Interactive multimedia.
|
| 610 |
2 |
0 |
|a Detector Development Laboratory (Goddard Space Flight Center)
|
| 650 |
|
0 |
|a Technology transfer.
|
| 650 |
|
0 |
|a Semiconductor industry.
|
| 710 |
2 |
|
|a Goddard Space Flight Center.
|b Technology Transfer Office.
|
| 710 |
1 |
|
|a United States.
|b National Aeronautics and Space Administration.
|
| 999 |
|
|
|a MARS
|
| 999 |
f |
f |
|s d030b630-f997-3fb1-93b3-0b340d83b443
|i 5eb7c067-c1ca-3573-b232-93bbe6699c88
|t 0
|
| 952 |
f |
f |
|p normal
|a Texas A&M University
|b College Station
|c Sterling C. Evans Library
|d Evans: US Documents CD-ROMs (Annex 5th floor)
|t 0
|e NAS 1.86:D 48/CD
|h Superintendent of Documents classification
|i computer -- computer disc
|m A14824435842
|
| 998 |
f |
f |
|a NAS 1.86:D 48/CD
|t 0
|l Evans: US Documents CD-ROMs (Annex 5th floor)
|